00658nam a22001817a 450000500170000001000170001702000270003403500170006103700190007808200110009724501200010826000580022827000590028630000390034550000510038470000200043570000210045520180529131108.0 aB-680880-891 a9788123021300c2480.00 aB-680880-891 bBookwell adpl a954.56 aThe art and interiors of Rashtrapati Bhawan :cedited by Partha Mitter [and] Naman P. Ahuja blutyens and beyond /  c2016aNew DelhibPublication Division, Govt. Of India a24/4800,Ansari Road , Daraya Ganj ,bNew Delhie110002 c29cm(Hb)a334p.:bill. (col. pic.) aIncludes bibliographical references and index  aMitter, Partha  aAhuja, Naman P.